| 000 | 00626nam a22001817a 4500 | ||
|---|---|---|---|
| 005 | 20251108164210.0 | ||
| 008 | 250721s2000 xx 000 0 ara d | ||
| 082 | 1 | 4 | _a628.4/فرج |
| 100 | 1 | _aفرج، محمد علي | |
| 245 | 1 | 0 |
_aالهندسة الصحية : _bأعمال تنقية المياه الترسيب - الترشيح - التطهير- الكيماويات / |
| 264 | 1 |
_aالقاهرة : _bدار الكتاب الحديث، _c2000. |
|
| 300 | _a133ص | ||
| 490 | 0 | _aموسوعة الهندسة الصحية؛2 | |
| 650 | 1 | 7 | _aالإصحاح |
| 650 | 1 | 7 | _aالتلوث |
| 942 |
_2ddc _cBK |
||
| 999 |
_c6167 _d6167 |
||